000
00366nam a22001337a 4500
003
SGT
020
_a
8173152691
082
_a
200
_b
K99S
100
_a
शर्मा, मनु
245
_a
खांडव दाह : कृष्ण की आत्मकथा
260
_b
प्रभात प्रकाशन
_c
1999
300
_a
322
942
_2
ddc
_c
BK
999
_c
31670
_d
31670